000 00525nam a22002057a 4500
999 _c7816
_d7816
001 7816
003 BD-JhCC
005 20180214114605.0
008 180214b1968 bg ||||| |||| 00| 0 ben d
035 _a(BD-JhCC)7816
040 _aBD-JhCC
_dBD-JhCC
041 _aben
082 _a551.00
_b1968
100 _aসেন, সত্যেন
245 _aআমাদের এই পৃথিবী /
_cসত্যেন সেন
300 _a115 p. :
_c22 cm.
650 _aEarth
942 _2ddc
_cBK